LEADER 01774nam a2200337 i 4500 001 000000336641 003 CaOOAMICUS 005 20250529111612.0 008 190923t2019 it h u000 i ita u 020 $a978-88-6894-341-7 040 $aSeMil$bita 245 00$aJan Brueghel il Vecchio :$ble lettere in Italia dell'Ambrosiana /$cedizione commentata a cura di Rosa Argenziano. 264 1$aMilano :$bBiblioteca Ambrosiana ;$aMilano :$bCentro Ambrosiano,$c2019. 300 $a351 p. :$bill. ;$c24 cm. 490 1 $aFonti e studi ;$v30 490 1 $aAccademia Ambrosiana. Classe di italianistica 650 4$aMilano - Biblioteca Ambrosiana - Carteggi.$0(OLS)http://semarc/subject/48718 650 4$aBrueghel, Jan - Lettere e Carteggi.$0(OLS)http://semarc/subject/48719 700 1 $aArgenziano, Rosa.$0(OLS)http://semarc/name/110246 700 1 $aBrueghel, Jan,$c.$0(OLS)http://semarc/name/65225 710 2 $aBiblioteca Ambrosiana : Accademia Ambrosiana.$0(OLS)http://semarc/name/87942 830 0$aFonti e studi ;$v30.$0(OLS)http://semarc/title/27874 830 0$aAccademia ambrosiana. Classe di italianistica.$0(OLS)http://semarc/title/454018 850 $aSeMil 852 $aSeMil$W1$xVenegono$y1$m3TA S 30$j257609$B228423$CSeMilBibl$Z2$F228423 $81 961 $aOmaggio: Ballarini mons. Marco 996 $6020$a978-88-6894-341-7$9(OLS)http://semarc/number/288700 996 $6245$aJan Brueghel il Vecchio :$ble lettere in Italia dell'Ambrosiana$9(OLS)http://semarc/title/425839 996 $6264$aMilano :$bBiblioteca Ambrosiana$9(OLS)http://semarc/publisher/29741 996 $6264$aMilano :$bCentro Ambrosiano$9(OLS)http://semarc/publisher/29766 LEADER 01314nam a2200289 i 4500 001 000000117543 003 CaOOAMICUS 005 20030901000000.0 008 030901s1988 it u000 u ita u 013 $a90232 020 $a88-311-7236-0 040 $aSeMil$bita 100 1 $aCabrera de Armida, María Conceptión .$0(OLS)http://semarc/name/49062 240 10$aCartas de una madre de familia : Concepción Cabrera de Armida.$0(OLS)http://semarc/title/172543 245 10$aLettere di una madre /$cConchita Cabrera ; scelte e ordinate da Dolores Icaza Conrey. 260 $aRoma :$bCittà Nuova,$c1988. 300 $a197 p. :$b[1] ritratto ;$c20 cm. 500 $aFondo Card. Carlo Maria Martini. 650 4$aCabrera de Armida, Concepción - Lettere e carteggi.$0(OLS)http://semarc/subject/21782 700 1 $aIcaza Conrey, Dolores.$0(OLS)http://semarc/name/49063 850 $aSeMil 852 $aSeMil$W1$xVenegono$y1$m3J I 5$j72912$B72912$CSeMilBibl$Z2$F90920 $81 941 1 $a4 961 $aOmaggio: Martini Card. Carlo Maria 996 $6020$a88-311-7236-0$9(OLS)http://semarc/number/101943 996 $6245$aLettere di una madre$9(OLS)http://semarc/title/172542 996 $6260$aRoma :$bCittà Nuova$9(OLS)http://semarc/publisher/29609